Affordable Water Supply and Sanifation (Record no. 835)
[ view plain ]
| 000 -LEADER | |
|---|---|
| fixed length control field | 00676nam a22002297a 4500 |
| 008 - FIXED-LENGTH DATA ELEMENTS--GENERAL INFORMATION | |
| fixed length control field | 131112b xxu||||| |||| 00| 0 eng d |
| 020 ## - INTERNATIONAL STANDARD BOOK NUMBER | |
| International Standard Book Number | 1853392944 |
| 024 ## - OTHER STANDARD IDENTIFIER | |
| Terms of availability | Available |
| 037 ## - SOURCE OF ACQUISITION | |
| Terms of availability | Available |
| 040 ## - CATALOGING SOURCE | |
| Original cataloging agency | MBSTU LIBRARY |
| Modifying agency | MBSTU LIBRARY |
| 082 ## - DEWEY DECIMAL CLASSIFICATION NUMBER | |
| Edition number | 22 |
| Classification number | 627.1 PIA |
| 100 ## - MAIN ENTRY--PERSONAL NAME | |
| Personal name | Pickford Jhon |
| 245 ## - TITLE STATEMENT | |
| Title | Affordable Water Supply and Sanifation |
| 260 ## - PUBLICATION, DISTRIBUTION, ETC. (IMPRINT) | |
| Place of publication, distribution, etc. | London |
| Name of publisher, distributor, etc. | Intermediate technology |
| Date of publication, distribution, etc. | 1985 |
| 300 ## - PHYSICAL DESCRIPTION | |
| Extent | 29 cm. |
| Other physical details | 172page |
| Type of unit | 2 |
| Size of unit | 29 cm. |
| 600 ## - SUBJECT ADDED ENTRY--PERSONAL NAME | |
| Source of heading or term | Water Supply |
| 700 ## - ADDED ENTRY--PERSONAL NAME | |
| Personal name | Pickford Jhon |
| 270 ## - ADDRESS | |
| Address | London |
| City | London |
| Country | UK |
| 365 ## - TRADE PRICE | |
| Price amount | 2009.00 |
| Unit of pricing | 2009.00 |
| 942 ## - ADDED ENTRY ELEMENTS (KOHA) | |
| Source of classification or shelving scheme | |
| Koha item type | Books |
No items available.
